Výročná správa o činnosti Sociálnej poisťovne za rok 2004 skrátené znenie

Výročná správa o činnosti orgánov poisťovne v roku 2004 obsahuje hodnotenie činnosti orgánov popisťovne a organizačných zložiek poisťovne - Ústredia a pobočiek poisťovne za rok 2004. Pokračovanie v budúcom čísle.

Enregistré dans:
Détails bibliographiques
Format: Chapitre de livre
Langue:slovaque
Sujets:
Tags: Ajouter un tag
Pas de tags, Soyez le premier à ajouter un tag!

MARC

LEADER 00000naa$a2200000$$$4500
001 0032011
005 20230925074319.4
041 0 |a slo 
044 |a SK 
245 1 0 |a Výročná správa o činnosti Sociálnej poisťovne za rok 2004  |b skrátené znenie 
520 |a Výročná správa o činnosti orgánov poisťovne v roku 2004 obsahuje hodnotenie činnosti orgánov popisťovne a organizačných zložiek poisťovne - Ústredia a pobočiek poisťovne za rok 2004. Pokračovanie v budúcom čísle. 
610 2 0 |a poisťovne sociálne 
610 2 0 |a Sociálna poisťovňa, a.s. Bratislava 
610 2 0 |a správy výročné 
610 2 0 |a Slovensko 
610 2 0 |a 2004